000 00822nam a2200277 a 4500
999 _c2962
_d2962
006 a||||gr|||| 001 0
007 ta
008 050831s2010 xxka gr 001 0 eng d
020 _a9780955825767
040 _aKO
_beng
041 0 _aeng
044 _axxk
082 0 0 _a343.0965
_bN81187
_223
110 2 _aNorth of England P&I Association
245 1 4 _aThe Mariner's Role in Collecting Evidence Handbook:
_ba guide to good practice /
_cNorth of England P&I Association
260 _aThe Quayside :
_bNorth of England P&I Association Ltd.,
_c2010
300 _a656 p. :
_bcol. ill. ;
_c21 cm.
440 _aLoss Prevention Guides
504 _aIncludes index.
650 0 _aShips
_xSafety regulations
650 0 _aEvidence, Documentary
904 _aRUDRA_R
905 _aR_RANJAN
942 _cGR